| 000 | 01067nam a22002537a 4500 | ||
|---|---|---|---|
| 005 | 20240530110510.0 | ||
| 008 | 151021s2011 ua a f 000 0 ara d | ||
| 017 |
_a2011/8841 _bمصر . دار الكتب المصرية |
||
| 040 | _aEG-CaGPL | ||
| 082 | 0 | 4 |
_221 _a303.4\ _bق/ح م |
| 100 | 0 | _aحمادة صديق . | |
| 245 | 1 | 0 |
_aمصر تتحدث عن نفسها : _b25 يناير ثورة شعب / _cاعداد و تاليف حمادة صديق ؛ تقديم رشدى البدرى . |
| 250 | _aط1. | ||
| 260 |
_aالقاهرة : _bمكتبة جزيرة الورد ، _c2011 . |
||
| 300 |
_a166 ص ؛ _c24 سم . |
||
| 650 | 0 | 4 |
_aثورة 25 يناير _vصور . |
| 650 | 0 | 4 |
_aثورة 25 يناير _vشعارات . |
| 651 | 0 | 4 |
_aمصر _xتاريخ _yالعصر الحديث _yثورة 25 يناير . |
| 651 | 0 | 4 |
_aمصر _xالاحزاب السياسية . |
| 651 | 0 | 4 |
_aمصر _xتاريخ _xالثورات . _yالعصر الحديث |
| 700 | 0 |
_aرشدى البدرى _eمقدم . |
|
| 942 |
_2ddc _cBK |
||
| 999 |
_c61652 _d61652 |
||